000
00273nam a2200097Ia 4500
001
1253480
005
20251031150954.0
008
251031s9999 xx 000 0 und d
245
0
_c
M.SALİH SIRMAÇEKİÇ
_a
V14 HAMMİT TEPEGÖZ İLE KAFDAĞINDA
260
_b
TİMAŞ YAYINLARI
999
_c
1253480
_d
1253480